Statystyki dla Kraje z największą ilością niedźwiedzi w Europie

Kliknij tutaj aby rozwiązać quiz!

Ogólne statystyki

  • Ten quiz został rozwiązany 327 razy
  • Średni wynik to 16 z 20

Statystyki odpowiedzi

IlośćKraj% Poprawnych
80Polska
100%
150Norwegia
91%
3300Szwecja
91%
1800Finlandia
90%
1100Słowacja
88%
52Włochy
88%
22Francja
84%
50Serbia
81%
5Austria
80%
1000Chorwacja
80%
400Grecja
80%
480Słowenia
80%
6000Rumunia
79%
590Bułgaria
78%
15Łotwa
78%
700Estonia
77%
200Albania
73%
550Bośnia i Hercegowina
71%
270Czarnogóra
70%
200Macedonia Północna
69%

Rozkład punktacji

Percentyl według liczby udzielonych odpowiedzi

Procent ludzi z każdym wynikiem

Twoja historia wyników

Nie rozwiązałeś tego quizu